Sports Quiz

Random Sports or MLB Quiz

MLB Ballparks Opened Since 2000 Quiz Stats

 Plays Quiz not verified by Sporcle

Challenge
Share
Tweet
Embed
Score 0/14 Timer 03:00
0 Plays Today
% Correct
Marlins Park
94.3%
Nationals Park
93.3%
Citi Field
92.4%
Target Field
91.3%
Yankee Stadium
86.5%
PNC Park
85.1%
Busch Stadium
81.2%
% Correct
Citizens Bank Park
80.7%
Petco Park
79.1%
Great American Ball Park
75.7%
Miller Park
74.8%
AT&T Park
72.9%
Comerica Park
63.8%
Minute Maid Park
63.3%

You're not logged in!

Compare scores with friends on all Sporcle quizzes.
Join for Free
OR
Log In

You Might Also Like...

Show Comments

Extras

Top Quizzes Today


Score Distribution

Your Account Isn't Verified!

In order to create a playlist on Sporcle, you need to verify the email address you used during registration. Go to your Sporcle Settings to finish the process.

Report this User

Report this user for behavior that violates our Community Guidelines.

Details: